Towards a Theory of Planned Economy (Record no. 14200)
[ view plain ]
| 000 -LEADER | |
|---|---|
| fixed length control field | 00339nam a22001217a 4500 |
| 082 ## - DEWEY DECIMAL CLASSIFICATION NUMBER | |
| Classification number | 330.124 HOR |
| 100 ## - MAIN ENTRY--PERSONAL NAME | |
| Personal name | HORVAT, Branko |
| 245 ## - TITLE STATEMENT | |
| Title | Towards a Theory of Planned Economy |
| 260 ## - PUBLICATION, DISTRIBUTION, ETC. | |
| Place of publication, distribution, etc. | Beograd |
| Name of publisher, distributor, etc. | Yugoslav Institute of Economic Research |
| Date of publication, distribution, etc. | 1964 |
| 300 ## - PHYSICAL DESCRIPTION | |
| Extent | 243p. |
| Other physical details | ill.; 25cm. |
| 500 ## - GENERAL NOTE | |
| General note | Includes reference and Index |
| 942 ## - ADDED ENTRY ELEMENTS (KOHA) | |
| Koha item type | Books |
| Withdrawn status | Lost status | Damaged status | Not for loan | Home library | Current library | Shelving location | Date acquired | Total Checkouts | Full call number | Barcode | Date last seen | Price effective from | Koha item type |
|---|---|---|---|---|---|---|---|---|---|---|---|---|---|
| Withdrawn | IFM Main Campus Library | IFM Main Campus Library | Archival Collection | 11/24/2015 | 330.124 HOR | 0000008764 | 11/24/2015 | 02/19/2022 | Books |
